000 00449nam a22001817a 4500
005 20250415125100.0
008 250411b |||||||| |||| 00| 0 eng d
020 _a978-81-962410-7-0
041 _aeng
082 _a346.07 DUG-C
100 _aDUGGAL DR. PAVAN
_98613
245 _aCYBER LAW 3.0
250 _a3RD ED. 2023
260 _aGURGAON
_bUNIVERSAL LEXIX NEXIS
_c2023
300 _a954;P
650 _aLEGAL STUDIES
_98608
942 _cBK
999 _c8746
_d8744